[Event "Kray- Unna"]
[Site "?"]
[Date "2022.10.16"]
[Round "3.5"]
[White "Solberg- Morgner, Kirsten"]
[Black "Greger, Helmut"]
[Result "1/2-1/2"]
[WhiteElo "1925"]
[BlackElo "1807"]
[PlyCount "105"]
[SourceDate "2022.10.02"]

1. e4 g6 2. d4 Bg7 3. Nf3 d6 4. Nc3 Nf6 5. h3 O-O 6. Be3 c6 7. Qd2 b5 8. Bd3
Re8 9. O-O Bb7 10. e5 Nfd7 11. exd6 exd6 12. Ne4 Nf6 13. Nxf6+ Bxf6 14. Rad1
Nd7 15. c3 Nb6 16. Bg5 Bxg5 17. Nxg5 Qf6 18. Ne4 Qd8 19. Qf4 Re6 20. Ng5 Re7
21. Qh4 f6 22. Ne4 Rf7 23. Qf4 d5 24. Nc5 Bc8 25. b3 Kg7 26. Rfe1 Re7 27. Kf1
Rxe1+ 28. Rxe1 a5 29. Qe3 Ra7 30. Qe8 Qxe8 31. Rxe8 Kf7 32. Re3 a4 33. Ke2 axb3
34. axb3 Re7 35. Rxe7+ Kxe7 36. Ke3 f5 37. f4 Kf6 38. Kf3 Nd7 39. g4 Nxc5 40.
g5+ Ke6 41. dxc5 Ke7 42. Ke3 Ba6 43. Kd4 Ke6 44. h4 Bb7 45. Bc2 Ba6 46. Bb1 Bb7
47. Ba2 Ba6 48. c4 dxc4 49. bxc4 bxc4 50. Bxc4+ Bxc4 51. Kxc4 Kd7 52. Kd3 Ke7
53. Kd4 1/2-1/2

[Event "Kray- Unna"]
[Site "?"]
[Date "2022.10.16"]
[Round "3.6"]
[White "Ophoven, Hermann"]
[Black "Franck, Axel"]
[Result "1/2-1/2"]
[WhiteElo "1710"]
[BlackElo "1710"]
[PlyCount "27"]
[SourceDate "2022.10.02"]

1. c4 b6 2. Nc3 Bb7 3. e3 Nf6 4. Nf3 g6 5. d4 Bg7 6. Be2 O-O 7. O-O d6 8. Bd2
e6 9. Qc2 Nbd7 10. Rfd1 Qe7 11. e4 h6 12. Re1 Nh7 13. Rad1 e5 14. dxe5 1/2-1/2

[Event "Kray- Unna"]
[Site "?"]
[Date "2022.10.16"]
[Round "3.7"]
[White "Hendler, Markus"]
[Black "Kleeberg, Stefan"]
[Result "1-0"]
[WhiteElo "1501"]
[BlackElo "1550"]
[PlyCount "87"]
[SourceDate "2022.10.02"]

1. e4 e5 2. Nf3 Nc6 3. d4 exd4 4. Nxd4 d6 5. Bc4 Nf6 6. Nc3 Qe7 7. f3 h6 8. Be3
Ne5 9. Bb3 c6 10. Qd2 Bd7 11. O-O-O b5 12. Rhe1 a5 13. f4 Nc4 14. Bxc4 bxc4 15.
Nf5 Qe6 16. Nxd6+ Bxd6 17. Qxd6 Qxd6 18. Rxd6 Ke7 19. Bc5 Kd8 20. Red1 Kc7 21.
e5 Bg4 22. exf6 Bxd1 23. Kxd1 g6 24. Rd4 Rhd8 25. Rxd8 Rxd8+ 26. Ke2 h5 27. Ke3
Kd7 28. Bb6 Re8+ 29. Kf2 Ra8 30. Bd4 Ke6 31. Ne2 a4 32. a3 Re8 33. Bc3 Rd8 34.
Nd4+ Kd5 35. Nf3 Rd7 36. Ng5 Rb7 37. Kg3 Rd7 38. Kh4 Rb7 39. f5 gxf5 40. Kxh5
Rd7 41. Kh6 Rd8 42. Nxf7 Rf8 43. Kg7 Re8 44. Ng5 1-0

[Event "Kray- Unna"]
[Site "?"]
[Date "2022.10.16"]
[Round "3.4"]
[White "Laarmann, Gerd"]
[Black "Humpert, Dominik"]
[Result "1/2-1/2"]
[WhiteElo "1833"]
[BlackElo "1837"]
[PlyCount "99"]
[SourceDate "2022.10.02"]

1. d4 e6 2. e4 d5 3. exd5 exd5 4. Bd3 Nf6 5. h3 Bd6 6. Qf3 Be6 7. Ne2 O-O 8.
O-O Nbd7 9. Bf4 Bxf4 10. Nxf4 Re8 11. Nd2 c6 12. c3 Nb6 13. Rfe1 Qd6 14. a4
Rad8 15. a5 Nbd7 16. b4 a6 17. Re3 Nf8 18. Rae1 Bd7 19. Rxe8 Rxe8 20. Rxe8 Nxe8
21. Nb3 Ne6 22. Nxe6 Qxe6 23. Kf1 Nd6 24. Nc5 Qe7 25. Qh5 h6 26. Qe5 Kf8 27. f4
Bc8 28. Kf2 f5 29. Ke3 Qxe5+ 30. dxe5 Ne4 31. Kd4 Ke7 32. c4 Nxc5 33. bxc5 dxc4
34. Bxc4 g6 35. Be2 h5 36. g3 Bd7 37. Bf3 Be6 38. Ke3 Bd7 39. Kf2 Be6 40. Be2
Bb3 41. Ke3 Bd5 42. Bf3 Be6 43. Kd4 Bc8 44. Be2 Be6 45. Bc4 Bc8 46. Bg8 Kf8 47.
Bc4 Ke7 48. Bd3 Be6 49. Bc4 Bd7 50. Bg8 1/2-1/2

[Event "Günnigfeld- Recklinghausen"]
[Site "?"]
[Date "2022.10.16"]
[Round "3.1"]
[White "Callenberg, Ralf"]
[Black "Freisen, Thomas"]
[Result "0-1"]
[WhiteElo "2116"]
[BlackElo "1942"]
[Annotator "daniel"]
[PlyCount "98"]
[SourceDate "2022.10.02"]

1. c4 Nf6 2. g3 c5 3. Bg2 Nc6 4. Nc3 g6 5. e4 d6 6. Nge2 Bg7 7. O-O O-O 8. d3
a6 9. h3 Rb8 10. f4 Ne8 11. f5 Nd4 12. Nxd4 Bxd4+ 13. Kh1 b5 14. Ne2 Bg7 15.
Rb1 Nf6 16. cxb5 axb5 17. g4 Nd7 18. b3 Ne5 19. d4 cxd4 20. Nxd4 b4 $11 21. Rf2
Ba6 22. Be3 Qd7 23. Bf1 Bb7 24. Bg2 Ba6 25. Ne2 Nd3 26. Rf1 Rfc8 27. Qd2 Rc7
28. Nf4 Nxf4 29. Rxf4 Be5 30. Rf2 Rc3 31. Bf1 Bb7 32. Bd3 Qc6 33. Rbf1 f6 34.
g5 gxf5 35. Rxf5 Rxd3 36. Qxd3 Qxe4+ 37. Qxe4 Bxe4+ 38. Kg1 Bxf5 39. Rxf5 Rb5
40. Rf3 fxg5 41. Bxg5 Bd4+ 42. Be3 Bc3 43. Bh6 Bf6 44. Bd2 Kg7 45. Rf4 Bc3 46.
Be3 Ra5 47. Rf2 e6 48. Rc2 e5 49. a4 bxa3 0-1

[Event "Günnigfeld- Recklinghausen"]
[Site "?"]
[Date "2022.10.16"]
[Round "3.2"]
[White "Jaennekes, Oliver"]
[Black "Mecklenburg, Roland"]
[Result "1/2-1/2"]
[WhiteElo "1933"]
[BlackElo "1988"]
[PlyCount "97"]
[SourceDate "2022.10.02"]

1. d4 Nf6 2. c4 g6 3. Nc3 Bg7 4. e4 O-O 5. e5 Ne8 6. f4 d6 7. Nf3 Na6 8. Be3
Bg4 9. Be2 c5 10. O-O Nec7 11. h3 Bd7 12. d5 Rb8 13. a4 Ne8 14. Qd2 b6 15. Bf2
Rb7 16. Bh4 Bc8 17. g4 f6 18. Bg3 Nb4 19. Kg2 a6 20. e6 Nc7 21. f5 Qe8 22. Ne4
b5 23. axb5 axb5 24. Nxd6 exd6 25. Bxd6 bxc4 26. Bxc4 Nbxd5 27. Bxd5 Nxd5 28.
Qxd5 Rxb2+ 29. Rf2 Bb7 30. Qxc5 Rb5 31. Qc4 Bd5 32. Qd3 Qc6 33. Bxf8 Bxf8 34.
fxg6 Bc5 35. gxh7+ Kg7 36. Re2 Rb3 37. Qxb3 Bxb3 38. e7 Bf7 39. Rc1 Qb5 40.
Rcc2 Kxh7 41. e8=Q Bxe8 42. Rxe8 Qxe8 43. Rxc5 Qa8 44. Rf5 Kg7 45. Kg3 Qb8+ 46.
Rf4 Qb3 47. Rf5 Qd3 48. Kg2 Qc2+ 49. Kg3 1/2-1/2

[Event "Günnigfeld- Recklinghausen"]
[Site "?"]
[Date "2022.10.16"]
[Round "3.3"]
[White "Parado, Dominador"]
[Black "Markus, Peter"]
[Result "1-0"]
[WhiteElo "2079"]
[BlackElo "1857"]
[PlyCount "73"]
[SourceDate "2022.10.02"]

1. Nf3 Nf6 2. c4 e6 3. g3 d5 4. Bg2 c6 5. O-O Be7 6. d4 Nbd7 7. cxd5 exd5 8.
Nc3 O-O 9. Bg5 Re8 10. Rc1 h6 11. Bf4 Nf8 12. Ne5 Ng4 13. Nxg4 Bxg4 14. f3 Bh5
15. h4 Bd6 16. Bxd6 Qxd6 17. g4 Bg6 18. h5 Bh7 19. Qd2 Qg3 20. e3 Re7 21. Ne2
Qd6 22. f4 Qe6 23. Rf3 Qxg4 24. Rg3 Qf5 25. Kf2 Rae8 26. Rg1 Qd3 27. Rxg7+ Kh8
28. Qxd3 Bxd3 29. Be4 Ng6 30. hxg6 Kxg7 31. gxf7+ Kxf7 32. Bxd3 Rg8 33. Rh1
Rge8 34. Rh3 Rh8 35. f5 Kf6 36. Nf4 Rg7 37. Nh5+ 1-0

[Event "Günnigfeld- Recklinghausen"]
[Site "?"]
[Date "2022.10.16"]
[Round "3.4"]
[White "Radi, Guenter"]
[Black "Stahlhofen, Thomas"]
[Result "0-1"]
[WhiteElo "1901"]
[BlackElo "1814"]
[PlyCount "104"]
[SourceDate "2022.10.02"]

1. e4 e6 2. f4 d5 3. e5 c5 4. Na3 Nc6 5. c3 Qb6 6. Nf3 Bd7 7. Nc2 f6 8. d4 cxd4
9. cxd4 Nb4 10. a3 Nxc2+ 11. Qxc2 Rc8 12. Qb1 Bb5 13. Bd3 Rxc1+ 14. Qxc1 Bxd3
15. Qc3 Bb5 16. Kf2 Ne7 17. Rhe1 Kf7 18. b4 Bd7 19. Rac1 Nc6 20. Qd3 Be7 21. g4
h5 22. h3 hxg4 23. hxg4 fxe5 24. fxe5 Bh4+ 25. Nxh4 Rxh4 26. Kg3 Rh8 27. Rf1+
Ke7 28. Qg6 Kd8 29. Qxg7 Re8 30. Rf7 Ne7 31. Rf4 a5 32. Rb1 Qb5 33. Rb3 Qa4 34.
Rff3 axb4 35. Rxb4 Qa6 36. Qh7 Nc6 37. Rb2 Nxd4 38. Rd3 Nf5+ 39. gxf5 Qxd3+ 40.
Kg2 Qe4+ 41. Kf1 Qxf5+ 42. Qxf5 exf5 43. Rxb7 Rxe5 44. Kf2 d4 45. Rb4 Rd5 46.
Ke2 f4 47. Kd3 Bf5+ 48. Kc4 Rd7 49. Rb2 d3 50. Rd2 f3 51. Kc3 Rc7+ 52. Kd4 Rc2
0-1

[Event "Günnigfeld- Recklinghausen"]
[Site "?"]
[Date "2022.10.16"]
[Round "3.5"]
[White "Feldhaus, Tom"]
[Black "Bender, Markus"]
[Result "0-1"]
[WhiteElo "1641"]
[BlackElo "1849"]
[PlyCount "94"]
[SourceDate "2022.10.02"]

1. d4 d5 2. Nf3 e6 3. c4 c6 4. Qc2 Nf6 5. Bg5 Nbd7 6. e3 Qa5+ 7. Nc3 Ne4 8.
cxd5 exd5 9. Bd3 f5 10. O-O Bd6 11. Bf4 Be7 12. Ne5 Ndf6 13. Bxe4 fxe4 14. f3
exf3 15. Rxf3 Be6 16. a3 O-O 17. Bg5 Qd8 18. b4 Rc8 19. Na4 Qd6 20. Nc5 b6 21.
Nxe6 Qxe6 22. Qa4 Rc7 23. Nd3 Ne4 24. Rxf8+ Bxf8 25. Bf4 Bd6 26. Bxd6 Nxd6 27.
Re1 Nc4 28. Nf4 Qe4 29. Qb3 Rf7 30. g3 Nd2 31. Qd3 Nf3+ 32. Kf2 Qxd3 33. Nxd3
Nxe1+ 34. Kxe1 Rf6 35. Ke2 g5 36. Ne5 Re6 37. Kf3 c5 38. Ke2 Rxe5 39. dxe5 Kf7
40. Kd3 Ke6 41. b5 Kxe5 42. g4 d4 43. exd4+ cxd4 44. a4 Kd5 45. h3 Ke5 46. Kd2
Kf4 47. Kd3 Kg3 0-1

[Event "Günnigfeld- Recklinghausen"]
[Site "?"]
[Date "2022.10.16"]
[Round "3.6"]
[White "Bauer, Matthias"]
[Black "Schedlbauer, Daniel"]
[Result "1-0"]
[WhiteElo "1623"]
[BlackElo "1631"]
[PlyCount "35"]
[SourceDate "2022.10.02"]

1. d4 Nf6 2. Nf3 e6 3. e3 c5 4. c3 Nc6 5. Bd3 d5 6. Nbd2 Be7 7. O-O O-O 8. Re1
Re8 9. Qe2 Bd6 10. dxc5 Bxc5 11. e4 Ng4 12. Rf1 Qb6 13. Nb3 dxe4 14. Bxe4 Bd6
15. Bxh7+ Kxh7 16. Ng5+ Kg8 17. Qxg4 f6 18. Qh5 1-0

[Event "Günnigfeld- Recklinghausen"]
[Site "?"]
[Date "2022.10.16"]
[Round "3.7"]
[White "Rausch, Peter"]
[Black "Kampmann, Marcel"]
[Result "0-1"]
[WhiteElo "1492"]
[BlackElo "1566"]
[PlyCount "72"]
[SourceDate "2022.10.02"]

1. e4 c6 2. d4 d5 3. e5 c5 4. c3 cxd4 5. cxd4 e6 6. a3 Nc6 7. Nf3 Nge7 8. Be2
Qb6 9. b4 a6 10. Nc3 Nf5 11. Be3 Be7 12. O-O O-O 13. Rc1 f6 14. Qd2 fxe5 15.
dxe5 Nxe3 16. fxe3 Qa7 17. Kh1 Qb8 18. Na4 Nxe5 19. Nxe5 Rxf1+ 20. Bxf1 Qxe5
21. Nb6 Rb8 22. Rxc8+ Rxc8 23. Nxc8 Bg5 24. Qf2 Qc7 25. Na7 b6 26. Qg3 Qxa7 27.
Qxg5 Qc7 28. Kg1 b5 29. a4 bxa4 30. Bxa6 a3 31. Qf4 Qc1+ 32. Kf2 Qc2+ 33. Kg3
Qg6+ 34. Kf2 Qf6 35. Bc8 Qxf4+ 36. exf4 Kf7 0-1

[Event "Günnigfeld- Recklinghausen"]
[Site "?"]
[Date "2022.10.16"]
[Round "3.8"]
[White "Evers, Klaus"]
[Black "Farin, Klaus Dieter"]
[Result "1-0"]
[WhiteElo "1620"]
[BlackElo "1396"]
[PlyCount "71"]
[SourceDate "2022.10.02"]

1. d4 Nf6 2. Nf3 d5 3. c4 e6 4. Bg5 Be7 5. e3 Ne4 6. Bxe7 Qxe7 7. Qa4+ Bd7 8.
Qb3 Nc6 9. c5 O-O 10. Bd3 Na5 11. Qc2 f5 12. b4 Nc6 13. a3 a6 14. Nc3 b5 15.
O-O Be8 16. Rab1 Bh5 17. Be2 Bxf3 18. Bxf3 Nd8 19. a4 c6 20. Ra1 Nf7 21. Ra2
Ra7 22. Rfa1 Rfa8 23. Nxe4 fxe4 24. Bg4 Nd8 25. Ra3 Qc7 26. Qa2 Qb7 27. axb5
cxb5 28. Ra5 Qc6 29. Be2 Qb7 30. Bxb5 axb5 31. Rxa7 Qxa7 32. Qxa7 Rxa7 33. Rxa7
Nc6 34. Ra6 Nxb4 35. Rxe6 Kf7 36. Rb6 1-0

[Event "Welper 2- Drewer"]
[Site "?"]
[Date "2022.10.16"]
[Round "3.1"]
[White "Mittmann, Volker"]
[Black "Sharma, Danesh"]
[Result "1/2-1/2"]
[WhiteElo "1853"]
[BlackElo "2065"]
[PlyCount "51"]
[SourceDate "2022.10.02"]

1. e4 e5 2. Nf3 Nc6 3. Bb5 a6 4. Ba4 Nf6 5. O-O Be7 6. Re1 b5 7. Bb3 O-O 8. d4
d6 9. c3 Bg4 10. Be3 Na5 11. Bc2 Nc4 12. Bc1 c5 13. d5 Nd7 14. b3 Ncb6 15. h3
Bh5 16. g4 Bg6 17. Nbd2 h5 18. Nf1 hxg4 19. hxg4 Nf6 20. N3h2 Nh7 21. Ng3 Bh4
22. Nf5 Bxf5 23. gxf5 Bg5 24. Qg4 Bxc1 25. Raxc1 Qg5 26. Qxg5 1/2-1/2

[Event "Welper 2- Drewer"]
[Site "?"]
[Date "2022.10.16"]
[Round "3.4"]
[White "Sharma, Rakesh"]
[Black "Uhlich, Wilfried"]
[Result "1-0"]
[WhiteElo "1843"]
[BlackElo "1797"]
[PlyCount "51"]
[SourceDate "2022.10.02"]

1. d4 d5 2. Bg5 Nd7 3. c4 Ngf6 4. Nc3 e6 5. Nf3 c6 6. e3 Qa5 7. Bf4 Bb4 8. Qb3
Ne4 9. Rc1 Nb6 10. Bc7 Qa4 11. Bd3 Nxc3 12. bxc3 Ba3 13. Rb1 dxc4 14. Qxa4 Nxa4
15. Bxc4 b5 16. Rb3 Be7 17. Bd3 a5 18. Ne5 Bd7 19. Be4 Ra7 20. Bb8 Ra6 21. Kd2
f6 22. Nxd7 Kxd7 23. Bg3 Nb6 24. Bd3 a4 25. Rxb5 Rha8 26. Rbb1 1-0

[Event "Welper 2- Drewer"]
[Site "?"]
[Date "2022.10.16"]
[Round "3.5"]
[White "Nordhoff, Georg"]
[Black "Heidt, Viktor"]
[Result "0-1"]
[WhiteElo "1652"]
[BlackElo "1670"]
[PlyCount "72"]
[SourceDate "2022.10.02"]

1. e4 c5 2. Nf3 Nc6 3. c3 d5 4. exd5 Qxd5 5. Be2 Nf6 6. O-O e6 7. Bb5 Be7 8. d4
O-O 9. dxc5 Qxc5 10. Qe2 a6 11. Ba4 b5 12. Bc2 Bb7 13. Be3 Qh5 14. Nd4 Qxe2 15.
Nxe2 Nd5 16. Nd2 Rfd8 17. Nb3 Nxe3 18. fxe3 Ne5 19. Na5 Rd2 20. Nxb7 Rxc2 21.
Nd4 Rxb2 22. Rf2 Rxf2 23. Kxf2 Rc8 24. a4 b4 25. cxb4 Bxb4 26. Rb1 a5 27. h3 h5
28. Ke2 Kf8 29. Nxa5 Bxa5 30. Rb5 Nc4 31. Rxh5 Ke7 32. Rb5 Bb6 33. Kd3 Bxd4 34.
exd4 Nd6 35. Rc5 Rxc5 36. dxc5 Nb7 0-1

[Event "Welper 2- Drewer"]
[Site "?"]
[Date "2022.10.16"]
[Round "3.6"]
[White "Berke, Martin"]
[Black "Berner, Henri"]
[Result "0-1"]
[WhiteElo "1732"]
[BlackElo "1551"]
[PlyCount "80"]
[SourceDate "2022.10.02"]

1. e4 d5 2. exd5 Nf6 3. d4 Nxd5 4. c4 Nb6 5. Nc3 g6 6. Be3 Bg7 7. h4 e5 8. d5
Bf5 9. g4 Bc8 10. g5 h6 11. gxh6 Bxh6 12. Bxh6 Rxh6 13. Nf3 Bg4 14. c5 N6d7 15.
Be2 Bxf3 16. Bxf3 Nxc5 17. h5 Qg5 18. b4 Ncd7 19. Ne4 Qf4 20. d6 c6 21. Qb3
gxh5 22. Rg1 Rg6 23. Ke2 Nf8 24. Nc5 Rxd6 25. Rad1 Rxd1 26. Rxd1 Nbd7 27. Nxb7
Ne6 28. Bxc6 Nd4+ 29. Rxd4 Qxd4 30. Nc5 O-O-O 31. Nxd7 Rxd7 32. Bxd7+ Qxd7 33.
Qf3 Qg4 34. Qxg4+ hxg4 35. Kd3 f5 36. Kc4 f4 37. Kd3 Kd7 38. a4 Kd6 39. Ke4 Kc6
40. Kd3 Kd5 0-1

[Event "Welper 2- Drewer"]
[Site "?"]
[Date "2022.10.16"]
[Round "3.7"]
[White "Mittmann, Sebastian"]
[Black "Krummsdorf, Sven"]
[Result "1/2-1/2"]
[WhiteElo "1623"]
[BlackElo "1728"]
[PlyCount "33"]
[SourceDate "2022.10.02"]

1. d4 d5 2. Nf3 e6 3. e3 Bd6 4. b3 Nd7 5. Bb2 f5 6. Nbd2 Ngf6 7. Bd3 O-O 8. O-O
Ne4 9. c4 c6 10. Rc1 Rf6 11. Ne5 Rh6 12. f4 Ndf6 13. Nxe4 Nxe4 14. Bxe4 dxe4
15. Qe1 Qe8 16. Qe2 Qe7 17. Qf2 1/2-1/2

[Event "Welper 2- Drewer"]
[Site "?"]
[Date "2022.10.16"]
[Round "3.8"]
[White "Krummsdorf, Joerg"]
[Black "Hess, Marcel"]
[Result "1-0"]
[WhiteElo "1777"]
[BlackElo "1591"]
[PlyCount "79"]
[SourceDate "2022.10.02"]

1. d4 c5 2. e3 cxd4 3. exd4 d5 4. Nf3 Bg4 5. Be2 Nc6 6. c3 e6 7. Bf4 Bd6 8.
Bxd6 Qxd6 9. Nbd2 Nf6 10. O-O O-O 11. Ne5 Bxe2 12. Qxe2 Nd7 13. f4 Nb6 14. Rae1
Rae8 15. Ndf3 f6 16. Nd3 Re7 17. g4 Qc7 18. Qg2 Nc4 19. g5 Nd6 20. Nc5 Qc8 21.
Qh3 f5 22. Nd3 Ne4 23. Qg2 Qe8 24. Re2 g6 25. Nfe5 Rg7 26. Qf3 Ne7 27. h4 b6
28. Rh2 Kh8 29. Re1 Rfg8 30. h5 gxh5 31. Rxh5 Ng6 32. Nxg6+ Qxg6 33. Ne5 Qe8
34. Kg2 Qe7 35. Reh1 Nf6 36. R5h4 Ne4 37. Qh3 Nxg5 38. fxg5 Qxg5+ 39. Kf3 Qe7
40. Ng6+ 1-0

[Event "Welper 2- Drewer"]
[Site "?"]
[Date "2022.10.16"]
[Round "3.3"]
[White "Riegermann, Ulrich"]
[Black "Leimkuehler, Dirk"]
[Result "1-0"]
[WhiteElo "1743"]
[BlackElo "1842"]
[PlyCount "87"]
[SourceDate "2022.10.02"]

1. e4 d5 2. Nf3 Bg4 3. e5 Nd7 4. d4 c5 5. c3 e6 6. Be2 cxd4 7. cxd4 Qa5+ 8. Bd2
Qb6 9. Bc3 Ne7 10. Nbd2 Nc6 11. O-O Be7 12. Qb3 O-O 13. Bb5 Rfc8 14. a4 a6 15.
Bd3 Qxb3 16. Nxb3 Bxf3 17. gxf3 Bb4 18. Rac1 Bxc3 19. Rxc3 Nb4 20. Rfc1 Rxc3
21. Rxc3 Nb6 22. Nc5 Rc8 23. Rb3 a5 24. Nxb7 Nxa4 25. Bb5 Rb8 26. Nd6 Nb6 27.
Rc3 Na8 28. Be8 Na2 29. Bxf7+ Kf8 30. Rc5 Ke7 31. Rxa5 Nc1 32. Ra7+ Kd8 33.
Bxe6 Nb6 34. Rxg7 Ne2+ 35. Kf1 Nxd4 36. Rg8+ Kc7 37. Rg7+ Kd8 38. Bg4 Ra8 39.
Rg8+ Ke7 40. Rxa8 Nxa8 41. Nf5+ Nxf5 42. Bxf5 h6 43. Ke2 Nb6 44. b3 1-0

[Event "Welper 2- Drewer"]
[Site "?"]
[Date "2022.10.16"]
[Round "3.2"]
[White "Teich, Udo"]
[Black "Schaefer, Martin"]
[Result "1/2-1/2"]
[WhiteElo "1996"]
[BlackElo "1801"]
[PlyCount "60"]
[SourceDate "2022.10.02"]

1. d4 d5 2. Nf3 Nf6 3. c4 e6 4. Nc3 c6 5. e3 Be7 6. Bd3 dxc4 7. Bxc4 O-O 8. O-O
c5 9. Qe2 cxd4 10. Rd1 a6 11. exd4 Nc6 12. a3 b5 13. Ba2 b4 14. axb4 Nxb4 15.
Bc4 a5 16. Bg5 Ba6 17. Ne5 Bxc4 18. Nxc4 Re8 19. Ra4 Nfd5 20. Be3 Nxc3 21. bxc3
Nd5 22. Bd2 Nb6 23. Rxa5 Rxa5 24. Nxa5 Qc7 25. c4 Ra8 26. c5 Nd5 27. Qe1 Bf6
28. c6 Bxd4 29. Rc1 Bb6 30. Nb3 h6 1/2-1/2

[Event "Borbeck 2- Sodingen 2"]
[Site "?"]
[Date "2022.10.16"]
[Round "3.1"]
[White "Evertz, Dieter"]
[Black "Strauß, Dirk"]
[Result "1-0"]
[WhiteElo "2051"]
[BlackElo "1921"]
[PlyCount "87"]
[SourceDate "2022.10.02"]

1. b3 Nf6 2. Bb2 g6 3. e3 Bg7 4. f4 d6 5. Nf3 O-O 6. Be2 e5 7. fxe5 Ng4 8. O-O
Nc6 9. Bc3 Ncxe5 10. Nxe5 Nxe5 11. d4 Nd7 12. Bf3 Qg5 13. Qd3 Re8 14. e4 c5 15.
d5 Ne5 16. Qe2 Bd7 17. Bd2 Qh4 18. Nc3 Rf8 19. Rae1 Rae8 20. Nb5 Bxb5 21. Qxb5
Qe7 22. Bd1 Qd7 23. Qe2 b5 24. Kh1 Qb7 25. Rf4 f5 26. c4 fxe4 27. Rxe4 b4 28.
Bg5 Rf5 29. Qd2 Ref8 30. Rg1 Rf2 31. Be2 Qf7 32. Be3 Qf5 33. Rh4 g5 34. Bxf2
gxh4 35. Bxh4 Ng4 36. Bxg4 Qxg4 37. Be7 Re8 38. Bxd6 Re2 39. Qf4 Qh5 40. Rf1
Qg6 41. g3 Bh6 42. Qf3 Re3 43. Qf6 Qe4+ 44. Kg1 1-0

[Event "Borbeck 2- Sodingen 2"]
[Site "?"]
[Date "2022.10.16"]
[Round "3.3"]
[White "Reinholz, Benjamin"]
[Black "Sanders, Cedric"]
[Result "1-0"]
[WhiteElo "1938"]
[BlackElo "1767"]
[PlyCount "61"]
[SourceDate "2022.10.02"]

1. e4 e5 2. Nf3 Nc6 3. Bc4 Bc5 4. d4 exd4 5. c3 d3 6. Qxd3 Qe7 7. O-O d6 8. Bg5
f6 9. Bd2 Bd7 10. a4 a5 11. b4 axb4 12. cxb4 Ba7 13. Qb3 Nd4 14. Nxd4 Bxd4 15.
Nc3 Nh6 16. Nd5 Qd8 17. Bc3 Ba7 18. Rae1 Ng4 19. h3 Bxf2+ 20. Rxf2 Nxf2 21.
Kxf2 Bxa4 22. Qb2 c6 23. Nf4 Bb5 24. Bb3 Qc7 25. Kg1 Ke7 26. e5 fxe5 27. Bxe5
dxe5 28. Rxe5+ Kd7 29. Be6+ Ke7 30. Bg4+ Kf6 31. Rf5+ 1-0

[Event "Borbeck 2- Sodingen 2"]
[Site "?"]
[Date "2022.10.16"]
[Round "3.4"]
[White "Dippel, Olaf"]
[Black "Haberhausen, Ansgar"]
[Result "0-1"]
[WhiteElo "1765"]
[BlackElo "2136"]
[PlyCount "84"]
[SourceDate "2022.10.02"]

1. d4 Nf6 2. c4 e6 3. Nc3 d5 4. Bg5 c6 5. e3 Nbd7 6. cxd5 exd5 7. Nf3 Be7 8.
Bd3 h6 9. Bh4 O-O 10. O-O Re8 11. Qc2 Ne4 12. Nxe4 dxe4 13. Bxe4 Bxh4 14. Bf5
Bf6 15. Rfe1 Nb6 16. Bxc8 Rxc8 17. Qb3 Qd5 18. Qa3 a6 19. Qb4 Qb5 20. Qd2 Rcd8
21. Rac1 Be7 22. Qc2 Bd6 23. e4 Rd7 24. e5 Bf8 25. a3 Qd5 26. b4 Qe6 27. Red1
Nd5 28. Qe4 a5 29. bxa5 Bxa3 30. Rc2 Bb4 31. Ra1 Ra8 32. a6 bxa6 33. Qd3 a5 34.
Qc4 Rc8 35. Qa6 Rdc7 36. Rac1 Nf4 37. Qf1 Qd5 38. Rd1 Qe4 39. Ra2 Qd5 40. Rc2
Qe6 41. h3 Qf5 42. Ne1 Bxe1 0-1

[Event "Borbeck 2- Sodingen 2"]
[Site "?"]
[Date "2022.10.16"]
[Round "3.5"]
[White "Schriewer, Thomas"]
[Black "Braun, Joshua"]
[Result "1/2-1/2"]
[WhiteElo "1957"]
[BlackElo "1613"]
[PlyCount "104"]
[SourceDate "2022.10.02"]

1. d4 Nf6 2. Nf3 d5 3. Bf4 e6 4. e3 c5 5. c3 Nc6 6. Nbd2 Be7 7. h3 O-O 8. Bd3
c4 9. Bc2 Bd6 10. Ne5 Qc7 11. Ndf3 g6 12. Bh2 Nd7 13. Nxd7 Bxd7 14. Bxd6 Qxd6
15. O-O Rad8 16. e4 dxe4 17. Nd2 f5 18. Nxc4 Qf4 19. Qc1 Qh4 20. Re1 b5 21. Nd2
Ne7 22. Bb3 Nd5 23. Bxd5 exd5 24. f3 Rfe8 25. Kh2 e3 26. Nb3 f4 27. Qc2 Bf5 28.
Qe2 Qg3+ 29. Kh1 a6 30. Rf1 Rd6 31. Qe1 Qg5 32. Kh2 Bd3 33. Rg1 Qh5 34. Nc1 Bf5
35. Ne2 g5 36. Rh1 Qf7 37. Kg1 Qc7 38. h4 h6 39. hxg5 hxg5 40. Rh5 Rg6 41. a3
Be6 42. Nc1 g4 43. Qh4 Qg7 44. Nd3 gxf3 45. Nxf4 Rg4 46. Nxe6 Rxg2+ 47. Kh1
Rxe6 48. Qd8+ Kf7 49. Qxd5 Qg6 50. Qxf3+ Ke7 51. Qb7+ Kf6 52. Qf3+ Ke7 1/2-1/2

[Event "Borbeck 2- Sodingen 2"]
[Site "?"]
[Date "2022.10.16"]
[Round "3.6"]
[White "Kalkhoff, Thomas"]
[Black "Balke, Reiner"]
[Result "1/2-1/2"]
[WhiteElo "1887"]
[BlackElo "1856"]
[PlyCount "86"]
[SourceDate "2022.10.02"]

1. d4 Nf6 2. Nf3 d5 3. e3 e6 4. Bd3 Bd6 5. b3 O-O 6. O-O Nbd7 7. Bb2 Re8 8. Ne5
Nf8 9. Nd2 N6d7 10. c4 c5 11. Qh5 g6 12. Qh6 Nxe5 13. dxe5 Be7 14. Nf3 Bd7 15.
cxd5 exd5 16. Rad1 Ne6 17. e4 Bf8 18. Qd2 d4 19. Bc4 Bc6 20. Rfe1 a5 21. a4 Qd7
22. h4 h5 23. Nh2 Kh7 24. f4 Bh6 25. g3 b6 26. Nf3 Qb7 27. Qd3 Rad8 28. Bc1 Rf8
29. f5 gxf5 30. exf5 Be3+ 31. Bxe3 Be4 32. Qf1 Bxf3 33. fxe6 fxe6 34. Bf4 Bxd1
35. Qd3+ Kg7 36. Rxd1 Qf7 37. Rf1 Qg6 38. Qf3 d3 39. Rd1 Rd4 40. Bxd3 Rfxf4 41.
Qxf4 Rxd3 42. Rxd3 Qxd3 43. Qf6+ Kh7 1/2-1/2

[Event "Borbeck 2- Sodingen 2"]
[Site "?"]
[Date "2022.10.16"]
[Round "3.7"]
[White "Lucke, Thomas"]
[Black "Kalkhoff, Andreas"]
[Result "1-0"]
[WhiteElo "1890"]
[BlackElo "1988"]
[PlyCount "83"]
[SourceDate "2022.10.02"]

1. d4 Nf6 2. Nf3 d5 3. g3 e6 4. c4 Nbd7 5. Bg2 Be7 6. O-O O-O 7. b3 b6 8. Nc3
Bb7 9. Bb2 c5 10. cxd5 exd5 11. e3 Re8 12. Qe2 Ne4 13. Rfd1 Nxc3 14. Bxc3 Bf6
15. Rac1 Qe7 16. Qb2 Rac8 17. dxc5 Bxc3 18. Rxc3 Qf6 19. Rc2 Qxb2 20. Rxb2 bxc5
21. Ne1 Nf6 22. Nd3 g5 23. Rc2 Nd7 24. Rdc1 c4 25. bxc4 Rxc4 26. Rxc4 dxc4 27.
Rxc4 Bxg2 28. Kxg2 Nb6 29. Rc5 h6 30. Nb4 Kg7 31. Ra5 Ra8 32. Nc6 Nc8 33. Ra6
f6 34. Kf3 Kf7 35. e4 h5 36. e5 fxe5 37. Nxe5+ Ke7 38. Ke4 Nd6+ 39. Kd5 Nf5 40.
Nc6+ Kd7 41. Rxa7+ Rxa7 42. Nxa7 1-0

[Event "Borbeck 2- Sodingen 2"]
[Site "?"]
[Date "2022.10.16"]
[Round "3.8"]
[White "Welz, Christian"]
[Black "Zygan, Michael"]
[Result "0-1"]
[WhiteElo "1531"]
[BlackElo "1760"]
[PlyCount "44"]
[SourceDate "2022.10.02"]

1. c4 Nf6 2. Nc3 c6 3. d4 d5 4. Nf3 dxc4 5. e4 b5 6. e5 Nd5 7. Ne4 Bf5 8. Nc5
e6 9. Bd2 Qb6 10. a4 a6 11. axb5 cxb5 12. Ba5 Qa7 13. b4 Nc6 14. Nh4 Ndxb4 15.
Nxf5 exf5 16. e6 Bxc5 17. exf7+ Kxf7 18. dxc5 Rhe8+ 19. Be2 Nxa5 20. Rxa5 Rad8
21. Qb1 Qxc5 22. Kf1 Rd2 0-1

[Event "Kirchhellen- Altenessen"]
[Site "?"]
[Date "2022.10.16"]
[Round "3.1"]
[White "Praß, Marian"]
[Black "Schlueter, Christoph"]
[Result "0-1"]
[WhiteElo "1928"]
[BlackElo "2139"]
[PlyCount "42"]
[SourceDate "2022.10.02"]

1. Nf3 Nf6 2. c4 c5 3. g3 Nc6 4. Bg2 g6 5. d4 cxd4 6. Nxd4 Bg7 7. Nc3 O-O 8.
O-O Nxd4 9. Qxd4 d6 10. Qd3 a6 11. Bg5 Rb8 12. Rac1 b5 13. cxb5 axb5 14. b3 b4
15. Na4 Qa5 16. Qd2 Bd7 17. Bc6 Bxc6 18. Rxc6 Ne4 19. Qc2 Nxg5 20. h4 Ne6 21.
e3 Qb5 0-1